| 000 | 00459nam a22001697a 4500 | ||
|---|---|---|---|
| 003 | CEME | ||
| 005 | 20210628202946.0 | ||
| 008 | 210119b xxu||||| |||| 00| 0 eng d | ||
| 040 | _c, | ||
| 082 | _a297.77 USM | ||
| 100 |
_aUsmani, Hafiz Momen Khan _962548 |
||
| 245 | _aNafsane-e- khawashiat, aur un kay nuksanaat | ||
| 260 |
_aRAWALPINDI _bFAZAL HAQ PRINTERS _c2002 |
||
| 300 | _a468 P | ||
| 650 |
_aISLAM-NAFSANE-E- KHAWASHIAT _962549 |
||
| 942 |
_cBK _2ddc |
||
| 999 |
_c571627 _d571627 |
||